Market segmentation : How to do it, how to profit from it

Tallennettuna:
Bibliografiset tiedot
Päätekijä: McDonald, Malcolm
Aineistotyyppi: Kirja
Kieli:Undetermined
Julkaistu: Boston Elsevier 2004
Aiheet:
Tagit: Lisää tagi
Ei tageja, Lisää ensimmäinen tagi!
Thư viện lưu trữ: Trung tâm Học liệu Trường Đại học Cần Thơ
LEADER 00546nam a2200205Ia 4500
001 CTU_94727
008 210402s9999 xx 000 0 und d
020 |c 29.35 
082 |a 658.802 
082 |b M478 
100 |a McDonald, Malcolm 
245 0 |a Market segmentation : 
245 0 |b How to do it, how to profit from it 
245 0 |c Malcolm McDonald, Ian Dunbar 
260 |a Boston 
260 |b Elsevier 
260 |c 2004 
650 |a Market segmentation 
904 |i Truc 
980 |a Trung tâm Học liệu Trường Đại học Cần Thơ